La música de la isla de Pascua

Guardat en:
Dades bibliogràfiques
Autor principal: Pereira Salas, Eugenio (Autor)
Format: Llibre
Idioma:espanyol
Publicat: Santiago Imprenta Universitaria 1940
Edició:1a. ed
Col·lecció:Colección de ensayos, 1
Matèries:
Etiquetes: Afegir etiqueta
Sense etiquetes, Sigues el primer a etiquetar aquest registre!

MARC

LEADER 00000nam a2200000 a 4500
001 UCJ7340
003 CL-VaPUC
008 070124e19400000CL |||||||||||||||||spa|d
082 0 4 |a 918.3  |b PER  |2 21 
100 0 |a Pereira Salas, Eugenio  |e author  |9 438311 
245 1 3 |a La música de la isla de Pascua 
250 |a 1a. ed 
300 |a 17 p 
942 |c BK 
945 |d 20070124 00:00:00  |a rinostro 
260 |a Santiago  |b Imprenta Universitaria  |c 1940 
650 7 |a FOLKLORE  |2 CL-VaPUC  |9 268291 
650 0 |a Música  |9 306269 
650 0 |a Cultura  |9 269059 
651 0 |a Isla de Pascua  |9 261357 
583 |a last modification  |c 20070124 00:00:00  |k Rodrigo Vera 
490 0 |a Colección de ensayos, 1 
999 |c 323432  |d 323430 
952 |0 0  |1 0  |4 0  |6 918_300000000000000_PER_1940  |7 0  |8 X  |9 403008  |a FDOBUD  |b FDOBUD  |d 2019-11-22  |i 1061798  |o 918.3 PER 1940  |p 1061798  |r 2019-11-22  |w 2019-11-22  |y BK_X  |k BUD